|
|
|
|
| LEADER |
00812nab#a2200313#ar4500 |
| 001 |
000044913 |
| 003 |
SVKKK |
| 005 |
00000000000000.0 |
| 008 |
c xo e sloo |
| FMT |
|
|
|
| 038 |
|
|
|a SVKKK
|
| 040 |
|
|
|a SVKKK
|b slo
|e AACR2
|
| 041 |
0 |
|
|a slo
|
| 044 |
|
|
|a xo
|c SK
|
| 080 |
|
|
|a 281.9
|2 1981
|
| 080 |
|
|
|a 291.3
|2 1981
|
| 100 |
1 |
|
|a Schmotzerová, Anna
|4 aut
|
| 245 |
1 |
0 |
|a Posviacka gréckokatolíckeho chrámu v Stropkove - Bokša
|c Schmotzerová Anna,
|
| 300 |
|
|
|b Obr.
|
| 650 |
0 |
4 |
|a chrám gréckokatolícky
|z Stropkov-Bokša
|
| 650 |
0 |
4 |
|a posviacka
|x problematika
|x informácie
|
| 773 |
0 |
|
|t Slovo
|x 1335-7492
|g Roč. 34, č. 12l(2002), s. 10
|
| 957 |
|
|
|a Stropkov-Bokša
|
| 958 |
|
|
|a SP
|
| 974 |
|
|
|d 030212
|a Mi
|
| 992 |
|
|
|a RBX
|
| BAS |
|
|
|
| 852 |
|
|
|a SVKKK
|b BIB
|
| 998 |
|
|
|a REG
|